Central Library OPAC University of Rajshahi

A commentary on the poems of Thomas Hardy / (Record no. 17838)

MARC details
000 -LEADER
fixed length control field 00783cam a2200253 i 4500
001 - CONTROL NUMBER
control field 17838
003 - CONTROL NUMBER IDENTIFIER
rucl marc code BD-RjUL
005 - DATE AND TIME OF LATEST TRANSACTION
control field 20211209000211.0
008 - FIXED-LENGTH DATA ELEMENTS--GENERAL INFORMATION
fixed length control field 140219t19761976nyuaf b 001 0 eng
020 ## - INTERNATIONAL STANDARD BOOK NUMBER
International Standard Book Number 0064955729 :
035 ## - SYSTEM CONTROL NUMBER
System control number (BD-RjUL)17896
040 ## - CATALOGING SOURCE
Original cataloging agency DLC
Transcribing agency DLC
Modifying agency DLC
-- BD-RjUL
Language of cataloging eng
041 ## - LANGUAGE CODE
Language code of text/sound track or separate title eng
082 00 - DEWEY DECIMAL CLASSIFICATION NUMBER
Classification number 821.8
Author mark and year PIC 1976
100 1# - MAIN ENTRY--PERSONAL NAME
Personal name Pinion, F. B.
9 (RLIN) 55049
245 12 - TITLE STATEMENT
Title A commentary on the poems of Thomas Hardy /
Statement of responsibility, etc. F. B. Pinion.
260 ## - PUBLICATION, DISTRIBUTION, ETC. (IMPRINT)
Place of publication, distribution, etc. New York :
Name of publisher, distributor, etc. Barnes & Noble Books,
Date of publication, distribution, etc. 1976.
300 ## - PHYSICAL DESCRIPTION
Pagination xviii, 293 p., [4] leaves of plates :
Illustrations ill. ;
Size 23 cm.
504 ## - BIBLIOGRAPHY, ETC. NOTE
Bibliography, etc Includes bibliographical references and indexes.
600 10 - SUBJECT ADDED ENTRY--PERSONAL NAME
Personal name Hardy, Thomas,
Dates associated with a name 1840-1928
General subdivision Poetic works.
942 ## - ADDED ENTRY ELEMENTS (KOHA)
Source of classification or shelving scheme Dewey Decimal Classification
Koha item type Books
Holdings
Lost status Source of classification or shelving scheme Damaged status Not for loan Collection code Permanent Location Current Location Shelving location Date acquired Source of acquisition Cost, normal purchase price Total Checkouts Full call number Date last seen Copy number Koha item type
  Dewey Decimal Classification   Not For Loan Fiction Central Library, University of Rajshahi Central Library, University of Rajshahi Reading Room 29/03/1980 Heffer 10.00   821.8 PIC 1976 19/02/2014 C-1 Books